|
|
|
|
| LEADER |
00947nam a2200289 a 4500 |
| 001 |
000602669 |
| 003 |
CZ BrMZK |
| 005 |
20070817103140.0 |
| 008 |
020527s1970 xr f cze d |
| 040 |
|
|
|a BOA001
|b cze
|c BOA001
|
| 100 |
1 |
|
|a Rada, Miroslav,
|d 1926-2017
|7 jk01101873
|4 ill
|
| 245 |
1 |
0 |
|a Góóól /
|c ilustr. Miroslav Rada, P. Pospíšil ; textem doprovodil J. Piskáček
|
| 250 |
|
|
|a 1. vyd.
|
| 260 |
|
|
|a Praha :
|b Albatros,
|c 1970
|
| 300 |
|
|
|a 1 nestránkovaný sv.
|
| 490 |
1 |
|
|a Trojlístek
|
| 490 |
1 |
|
|a Studio
|
| 700 |
1 |
|
|a Piskáček, Jaroslav,
|c kniha pro děti
|4 aut
|
| 700 |
1 |
|
|a Pospíšil, Přemysl,
|d 1924-2001
|7 jo2003193293
|4 ill
|
| 830 |
|
0 |
|a Trojlístek
|
| 830 |
|
0 |
|a Studio
|
| 910 |
|
|
|a BOA001
|b PK-A-0013.072
|
| 964 |
|
|
|a Kopaná - omalovánky
|
| 964 |
|
|
|a Opice - omalovánky
|
| 964 |
|
|
|a Omalovánky
|
| 990 |
|
|
|a BK
|
| 996 |
6 |
|
|b BC-28881
|c PK-A-0013.072
|l MZK
|r Sklad / do 1 hodiny
|n 0
|w 000602669
|u 000010
|a 1
|e BOA001
|j MZK50
|s P
|